Number fields
Gorde:
| Egile nagusia: | |
|---|---|
| Formatua: | Liburua |
| Hizkuntza: | ingelesa |
| Argitaratua: |
Nueva York
Springer
1977
|
| Saila: | Universitext
|
| Gaiak: | |
| Etiketak: |
Etiketa erantsi
Etiketarik gabe, Izan zaitez lehena erregistro honi etiketa jartzen!
|
MARC
| LEADER | 00000cam a2200000 a 4500 | ||
|---|---|---|---|
| 001 | UCF8250 | ||
| 003 | CL-VaPUC | ||
| 005 | 20250103095008.0 | ||
| 008 | 130808e19770000us |||||||||||||||||eng|d | ||
| 999 | |c 352872 |d 352870 | ||
| 020 | |a 0387902791 | ||
| 040 | |c Pontificia Universidad Católica de Valparaíso | ||
| 082 | 0 | 4 | |a 512.74 |b MAR |2 21 |
| 100 | |a Marcus, Daniel A. |e autor |9 570353 | ||
| 245 | 1 | 0 | |a Number fields |
| 260 | |a Nueva York |b Springer |c 1977 | ||
| 300 | |a 279 p | ||
| 490 | 0 | |a Universitext | |
| 583 | |a last modification |c 20130808 11:32:00 |k Rodrigo Vera | ||
| 650 | 0 | |a Teoría algebraica de números |9 887995 | |
| 650 | 0 | |a Campos algebráicos |9 270199 | |
| 942 | |c BK |2 ddc | ||
| 945 | |d 20130808 11:32:00 |a cmena | ||
| 952 | |0 0 |1 0 |4 0 |6 512_740000000000000_MAR_1977 |7 0 |8 A |9 457606 |a BIBMAT |b BIBMAT |d 2019-11-22 |i 4992946 |o 512.74 MAR 1977 |p 4992946 |r 2025-01-07 |w 2019-11-22 |y BK |k MAT | ||
| 952 | |0 0 |1 0 |3 erb |4 0 |6 512_740000000000000_MAR_1977 |7 0 |8 A |9 457607 |a BIBMAT |b BIBMAT |d 2019-11-22 |i 5026164 |o 512.74 MAR 1977 |p 5026164 |r 2025-01-07 |w 2019-11-22 |y BK |z Catalogado en:20131111 |k MAT | ||